Reinforced Concrete Design : (Record no. 9889)

MARC details
000 -LEADER
fixed length control field 00777nam a22002057a 4500
003 - CONTROL NUMBER IDENTIFIER
control field OSt
005 - DATE AND TIME OF LATEST TRANSACTION
control field 20260425022510.0
008 - FIXED-LENGTH DATA ELEMENTS--GENERAL INFORMATION
fixed length control field 260425b |||||||| |||| 00| 0 eng d
020 ## - INTERNATIONAL STANDARD BOOK NUMBER
International Standard Book Number 978-1-80406-260-9
040 ## - CATALOGING SOURCE
Original cataloging agency DWCL-Main lib
Transcribing agency OC
082 ## - DEWEY DECIMAL CLASSIFICATION NUMBER
Edition number Global Edition
Classification number Circ. 624.18341 G197r 2022
100 ## - MAIN ENTRY--PERSONAL NAME
Personal name Ganguly, K.K
245 ## - TITLE STATEMENT
Title Reinforced Concrete Design :
Remainder of title Repair/Restoration, Strengthening of R.C Structures and Concrete Technology/
Statement of responsibility, etc. Ganguly, K.K
260 ## - PUBLICATION, DISTRIBUTION, ETC.
Place of publication, distribution, etc. Shelton Street, Covent Garden, London, UK :
Name of publisher, distributor, etc. ED- Tech Press,
Date of publication, distribution, etc. c2022.
300 ## - PHYSICAL DESCRIPTION
Extent xiv, 490 Pages :
Other physical details illustrations ;
Dimensions 23cm.
504 ## - BIBLIOGRAPHY, ETC. NOTE
Bibliography, etc. note Includes bibliographic references
650 ## - SUBJECT ADDED ENTRY--TOPICAL TERM
Topical term or geographic name entry element 1. Reinforced Concrete
700 ## - ADDED ENTRY--PERSONAL NAME
Personal name Anderson, Christine
942 ## - ADDED ENTRY ELEMENTS (KOHA)
Source of classification or shelving scheme Dewey Decimal Classification
Koha item type Book Circulation
Edition Global Edition
Classification part Circ.
Suppress in OPAC No
952 ## - LOCATION AND ITEM INFORMATION (KOHA)
--
Holdings
Withdrawn status Lost status Source of classification or shelving scheme Damaged status Not for loan Home library Current library Shelving location Date acquired Source of acquisition Total Checkouts Full call number Barcode Date last seen Copy number Price effective from Koha item type Uniform Resource Identifier
    Dewey Decimal Classification     College Library College Library Circulation 09/13/2022 School Fund   Circ. 624.18341 G197r 2022 CL53371 04/25/2026 c1 04/25/2026 BK-CIRC